| 000 | 00793nam a2200265 i 4500 | ||
|---|---|---|---|
| 001 | 84680 | ||
| 003 | ES-MaACL | ||
| 005 | 20260212174600.0 | ||
| 007 | t| | ||
| 008 | 041123s1982 sp |||| | spa d | ||
| 020 | _a84-205-0890-X | ||
| 100 | 1 |
_aJenkins, E. N. _966294 |
|
| 245 | 1 | 0 |
_aRadiactividad _b: una ciencia en su contexto histórico y social / _cEric N. Jenkins ; versión de J.M. Aguilar Civera. |
| 250 | _a1ª ed. | ||
| 260 |
_a[Madrid] : _bAlhambra, _c1982. |
||
| 300 |
_aIX, 237 p. : _bil. ; _c20 cm. |
||
| 490 | 1 |
_aExedra ; _v139 |
|
| 500 | _aIndice. | ||
| 650 | 0 | 4 |
_aRadiactividad. _916659 |
| 700 |
_aAguilar Civera, José Miguel _9238741 |
||
| 830 | 0 |
_aExedra ; _v139 _9177436 |
|
| 852 |
_aES-MaACL _jL-2878 |
||
| 852 |
_aES-MaACL _jL-8850 |
||
| 999 |
_c84680 _d84680 |
||